[Event "HUN-chT2 Asztalos 1819"]
[Site "Hungary"]
[Date "2019.02.10"]
[Round "5.10"]
[White "Nador, Zoltan"]
[Black "Andok, Peter"]
[Result "1/2-1/2"]
[WhiteElo "1785"]
[BlackElo "1584"]
[PlyCount "29"]
[EventDate "2018.10.28"]
[EventType "team-tourn"]
[EventRounds "9"]
[EventCountry "HUN"]
[SourceTitle "CBM 189 Extra"]
[Source "ChessBase"]
[SourceDate "2019.06.03"]
[SourceVersion "1"]
[SourceVersionDate "2019.06.03"]
[SourceQuality "1"]
[WhiteTeam "Marcali"]
[BlackTeam "Karmin"]
[WhiteTeamCountry "HUN"]
[BlackTeamCountry "HUN"]

1. e4 c6 2. d4 d5 3. exd5 cxd5 4. Bd3 Nc6 5. c3 Qc7 6. Ne2 Bg4 7. f3 Bd7 8. Bf4 e5 9. Bg3 Bd6 10. Nd2 Nf6 11. Qc2 h6 12. Nb3 0-0 13. 0-0-0 Rfe8 14. dxe5 Nxe5 15. Bxe5 1/2-1/2

[Event "HUN-chT2 Asztalos 1617"]
[Site "Hungary"]
[Date "2016.11.27"]
[Round "5.9"]
[White "Palla, Gyorgy"]
[Black "Nador, Zoltan"]
[Result "1-0"]
[WhiteElo "2018"]
[BlackElo "1821"]
[PlyCount "83"]
[EventDate "2016.09.25"]
[EventType "team-tourn"]
[EventRounds "11"]
[EventCountry "HUN"]
[SourceTitle "EXT 2021"]
[Source "ChessBase"]
[SourceDate "2020.10.23"]
[SourceVersion "1"]
[SourceVersionDate "2020.10.23"]
[SourceQuality "1"]
[WhiteTeam "Balatonfuered"]
[BlackTeam "Marcali"]
[WhiteTeamCountry "HUN"]
[BlackTeamCountry "HUN"]

1. Nf3 Nf6 2. c4 g6 3. g3 Bg7 4. Bg2 d6 5. d4 0-0 6. 0-0 c6 7. Nc3 Nbd7 8. e4 Qc7 9. Bg5 Nb6 10. Qe2 e5 11. dxe5 dxe5 12. c5 Nbd7 13. b4 b6 14. cxb6 axb6 15. a4 Bb7 16. Rfd1 Rfd8 17. Qc2 Qb8 18. Rd2 h6 19. Be3 Ng4 20. Rad1 Nxe3 21. fxe3 Bc8 22. Bh3 Ra7 23. b5 c5 24. Qd3 Re8 25. Qd6 Qxd6 26. Rxd6 Nf6 27. Bxc8 Rxc8 28. Rxb6 Ng4 29. Nd5 Kh7 30. h3 Nxe3 31. Nxe3 Rxa4 32. Rc6 Rb8 33. Rb1 Rxe4 34. Nd5 Rc4 35. b6 e4 36. Ne1 Bd4+ 37. Kf1 Ra8 38. Nf6+ Kg7 39. Nxe4 Ra2 40. b7 Be5 41. Nxc5 Rd4 42. Nf3 1-0

[Event "HUN-chT2 Asztalos 1516"]
[Site "Hungary"]
[Date "2015.11.08"]
[Round "4.8"]
[White "Nador, Zoltan"]
[Black "Kis Bank, Tamas"]
[Result "1/2-1/2"]
[WhiteElo "1868"]
[BlackElo "1770"]
[PlyCount "51"]
[EventDate "2015.09.13"]
[EventType "team-tourn"]
[EventRounds "11"]
[EventCountry "HUN"]
[SourceTitle "CBM 170 Extra"]
[Source "ChessBase"]
[SourceDate "2016.02.25"]
[SourceVersion "1"]
[SourceVersionDate "2016.02.25"]
[SourceQuality "1"]
[WhiteTeam "Marcali"]
[BlackTeam "Kaposvar Bastya"]
[WhiteTeamCountry "HUN"]
[BlackTeamCountry "HUN"]

1. d4 d5 2. Nf3 e6 3. g3 Nf6 4. Bg2 c5 5. e3 Nbd7 6. 0-0 Bd6 7. c4 cxd4 8. Nxd4 Nb6 9. cxd5 Nbxd5 10. b3 0-0 11. Bb2 e5 12. Nf5 Bb8 13. Nc3 Be6 14. Qd2 Qd7 15. Rfd1 Rd8 16. Qe2 Qe7 17. Nxd5 Bxd5 18. e4 Bc6 19. Rxd8+ Qxd8 20. Rd1 Qb6 21. Ne3 Qc5 22. Nd5 Nd7 23. Rc1 Qd6 24. Ne3 Bc7 25. Rd1 Qe6 26. h4 1/2-1/2

[Event "HUN-chT2 Asztalos 1415"]
[Site "Hungary"]
[Date "2014.12.14"]
[Round "4.6"]
[White "Kadlicsko, Jozsef"]
[Black "Nador, Zoltan"]
[Result "1-0"]
[WhiteElo "2117"]
[BlackElo "1876"]
[PlyCount "113"]
[EventDate "2014.10.12"]
[EventType "team-tourn"]
[EventRounds "9"]
[EventCountry "HUN"]
[SourceTitle "EXT 2016"]
[Source "ChessBase"]
[SourceDate "2015.10.08"]
[SourceVersion "1"]
[SourceVersionDate "2015.10.08"]
[SourceQuality "1"]
[WhiteTeam "Fehervar"]
[BlackTeam "Marcali"]
[WhiteTeamCountry "HUN"]
[BlackTeamCountry "HUN"]

1. d4 d5 2. Nf3 e6 3. e3 Bd6 4. Nbd2 f5 5. c4 c6 6. Bd3 Nf6 7. 0-0 0-0 8. a3 Nbd7 9. Qc2 b6 10. b4 Bb7 11. Bb2 Ne4 12. Ne5 Nxd2 13. Qxd2 Nf6 14. Rac1 Rc8 15. cxd5 cxd5 16. Rxc8 Qxc8 17. Rc1 Qa8 18. b5 Rc8 19. a4 Bxe5 20. dxe5 Nd7 21. Bd4 Nc5 22. Bxc5 bxc5 23. Bf1 Qb8 24. Qa5 Ba8 25. f4 Qb6 26. Qxb6 axb6 27. Bd3 Bb7 28. Kf2 c4 29. Bc2 g6 30. g3 Kf7 31. Ke2 Ra8 32. Kd2 Bc8 33. Kc3 Bd7 34. Kb4 h5 35. Bd1 Ke7 36. Ra1 Ra5 37. Rc1 Ra8 38. Bf3 Ra7 39. h3 Be8 40. Rg1 Ra5 41. Rh1 Ra8 42. g4 Bf7 43. gxh5 gxh5 44. Rg1 Kf8 45. h4 Rc8 46. Be2 Rd8 47. a5 bxa5+ 48. Kxa5 Ra8+ 49. Kb4 Ra2 50. Rb1 Be8 51. Bd1 Bxb5 52. Kxb5 Ra3 53. Kc5 Rxe3 54. Kd6 Re4 55. Kxe6 d4 56. Kxf5 Re1 57. Kf6 1-0

[Event "HUN-chT2 Asztalos 1314"]
[Site "Hungary"]
[Date "2014.04.27"]
[Round "9"]
[White "Dani, Ferenc"]
[Black "Nador, Zoltan"]
[Result "0-1"]
[WhiteElo "1727"]
[BlackElo "1902"]
[PlyCount "70"]
[EventDate "2013.09.08"]
[EventType "team-tourn"]
[EventRounds "9"]
[EventCountry "HUN"]
[SourceTitle "EXT 2016"]
[Source "ChessBase"]
[SourceDate "2015.10.08"]
[SourceVersion "1"]
[SourceVersionDate "2015.10.08"]
[SourceQuality "1"]
[WhiteTeam "Pecs Karmin"]
[BlackTeam "Marcali"]
[WhiteTeamCountry "HUN"]
[BlackTeamCountry "HUN"]

1. d4 d5 2. c4 e6 3. Nf3 c6 4. g3 Bd6 5. cxd5 exd5 6. Bg2 Nf6 7. Nc3 Bf5 8. Bg5 h6 9. Bxf6 Qxf6 10. Nh4 Bh7 11. e4 dxe4 12. Bxe4 Bxe4 13. Nxe4 Bb4+ 14. Nc3 Qe7+ 15. Qe2 Qxe2+ 16. Kxe2 0-0 17. f4 Nd7 18. Rad1 Nf6 19. Kf3 Rad8 20. a3 Ba5 21. b4 Bb6 22. Nf5 Kh7 23. Rhe1 g6 24. Nh4 Bxd4 25. Ne4 Nxe4 26. Rxe4 Bf6 27. Rxd8 Rxd8 28. Ke3 Bxh4 29. gxh4 Rd7 30. h3 Kg7 31. h5 Kf6 32. hxg6 fxg6 33. h4 Rd1 34. Kf3 Rd3+ 35. Kg4 h5# 0-1

[Event "HUN-chT2 Asztalos 1314"]
[Site "Hungary"]
[Date "2014.04.13"]
[Round "8.7"]
[White "Nador, Zoltan"]
[Black "Szabo, Lorinc"]
[Result "0-1"]
[WhiteElo "1902"]
[BlackElo "1969"]
[PlyCount "115"]
[EventDate "2013.09.08"]
[EventType "team-tourn"]
[EventRounds "9"]
[EventCountry "HUN"]
[SourceTitle "EXT 2016"]
[Source "ChessBase"]
[SourceDate "2015.10.08"]
[SourceVersion "1"]
[SourceVersionDate "2015.10.08"]
[SourceQuality "1"]
[WhiteTeam "Marcali"]
[BlackTeam "Fehervar"]
[WhiteTeamCountry "HUN"]
[BlackTeamCountry "HUN"]

1. d4 Nf6 2. e3 d5 3. Bd3 Bg4 4. f3 Bh5 5. Nd2 e6 6. Qe2 a6 7. c3 c5 8. Qf2 Nc6 9. f4 Ng4 10. Qg3 Be7 11. Ndf3 f5 12. h3 Nf6 13. Qf2 Ne4 14. Bxe4 dxe4 15. Ne5 Nxe5 16. fxe5 cxd4 17. exd4 0-0 18. Ne2 Bxe2 19. Qxe2 Bh4+ 20. Kd1 b5 21. a3 Qd5 22. Rf1 a5 23. Be3 Bg3 24. Bf4 Bxf4 25. Rxf4 g5 26. Rf2 h6 27. Ke1 b4 28. axb4 axb4 29. Rd1 bxc3 30. bxc3 Ra3 31. c4 Qa5+ 32. Kf1 e3 33. Rf3 f4 34. Kg1 Ra2 35. Qd3 Kg7 36. Qb1 Rf7 37. d5 e2 38. Re1 exd5 39. cxd5 Qxd5 40. Rd3 Qa5 41. Rd6 Qc5+ 42. Kh2 Qc2 43. Qb6 Qf5 44. Qd4 Re7 45. e6+ Kg6 46. Qc4 Rc2 47. Qa6 f3 48. gxf3 Qxf3 49. Qd3+ Qxd3 50. Rxd3 Rxe6 51. Rf3 Rd2 52. Kg1 Rd1 53. Kf2 Rxe1 54. Kxe1 Kh5 55. Rb3 Kh4 56. Rc3 h5 57. Rc5 Re3 58. Kf2 0-1

[Event "HUN-chT2 Asztalos 1213"]
[Site "Hungary"]
[Date "2012.10.07"]
[Round "2.9"]
[White "Nador, Zoltan"]
[Black "Horvath, Csaba1111"]
[Result "1-0"]
[WhiteElo "1883"]
[BlackElo "1861"]
[PlyCount "125"]
[EventDate "2012.09.16"]
[EventType "team-tourn"]
[EventRounds "9"]
[EventCountry "HUN"]
[SourceTitle "EXT 2014"]
[Source "ChessBase"]
[SourceDate "2013.11.20"]
[SourceVersion "1"]
[SourceVersionDate "2013.11.20"]
[SourceQuality "1"]
[WhiteTeam "Marcali"]
[BlackTeam "Szentlorinc"]
[WhiteTeamCountry "HUN"]
[BlackTeamCountry "HUN"]

1. d4 Nf6 2. f4 d5 3. Nf3 e6 4. e3 c5 5. c3 Nc6 6. Bd3 Be7 7. Nbd2 Qb6 8. 0-0 0-0 9. Qe2 Bd7 10. Ne5 Qc7 11. Rf3 g6 12. b3 cxd4 13. Nxd7 Qxd7 14. exd4 Rac8 15. Bb2 a6 16. Re3 Bd6 17. Rf1 Qc7 18. g3 Ne8 19. Nf3 Ng7 20. Ne5 Nxe5 21. fxe5 Be7 22. Ref3 Qd8 23. Qg2 Nf5 24. Bxf5 gxf5 25. g4 Kh8 26. gxf5 Rg8 27. Rg3 Rxg3 28. hxg3 Qg8 29. f6 Bf8 30. Qf3 b5 31. a3 Qg6 32. Rf2 Bh6 33. Kg2 Kg8 34. Qe2 Kf8 35. a4 Qe4+ 36. Qxe4 dxe4 37. axb5 axb5 38. Re2 e3 39. Ba3+ Ke8 40. Bb4 Bg5 41. Ra2 Kd7 42. Kf3 Kc6 43. Ra6+ Kb7 44. Rd6 Ra8 45. Rd7+ Kc6 46. Rxf7 Ra2 47. Rxh7 Rf2+ 48. Kg4 e2 49. c4 Be3 50. Re7 bxc4 51. bxc4 Bxd4 52. Rxe6+ Kc7 53. Re7+ Kc6 54. Re8 Rf1 55. Kg5 e1Q 56. Bxe1 Rxe1 57. f7 Rf1 58. Kg6 Bc5 59. Kg7 Rg1 60. Rc8+ Kb6 61. Rxc5 Rxg3+ 62. Kf6 Kxc5 63. f8Q+ 1-0

[Event "HUN-chT2 Asztalos 1213"]
[Site "Hungary"]
[Date "2012.09.16"]
[Round "1.9"]
[White "Mausz, Antal"]
[Black "Nador, Zoltan"]
[Result "1/2-1/2"]
[WhiteElo "1792"]
[BlackElo "1883"]
[PlyCount "38"]
[EventDate "2012.09.16"]
[EventType "team-tourn"]
[EventRounds "9"]
[EventCountry "HUN"]
[SourceTitle "EXT 2014"]
[Source "ChessBase"]
[SourceDate "2013.11.20"]
[SourceVersion "1"]
[SourceVersionDate "2013.11.20"]
[SourceQuality "1"]
[WhiteTeam "Mohacs"]
[BlackTeam "Marcali"]
[WhiteTeamCountry "HUN"]
[BlackTeamCountry "HUN"]

1. e4 e6 2. d4 d5 3. e5 c5 4. c3 Nc6 5. Nf3 Bd7 6. Bd3 Qc7 7. 0-0 h6 8. Re1 c4 9. Bc2 Nge7 10. b3 cxb3 11. axb3 Ng6 12. Bxg6 fxg6 13. Qd3 g5 14. Qg6+ Kd8 15. Ba3 Bc8 16. Bxf8 Rxf8 17. Na3 a6 18. Nb5 Qf7 19. Qxf7 Rxf7 1/2-1/2

[Event "HUN-chT2 Asztalos 1112"]
[Site "Hungary"]
[Date "2012.03.25"]
[Round "8.6"]
[White "Prantner, Janos Jr"]
[Black "Nador, Zoltan"]
[Result "1-0"]
[WhiteElo "2053"]
[BlackElo "1932"]
[PlyCount "71"]
[EventDate "2011.09.25"]
[EventType "team-tourn"]
[EventRounds "11"]
[EventCountry "HUN"]
[SourceTitle "EXT 2013"]
[Source "ChessBase"]
[SourceDate "2012.11.22"]
[SourceVersion "1"]
[SourceVersionDate "2012.11.22"]
[SourceQuality "1"]
[WhiteTeam "Decs II"]
[BlackTeam "Marcali"]
[WhiteTeamCountry "HUN"]
[BlackTeamCountry "HUN"]

1. d4 d5 2. Nc3 Nf6 3. Bg5 Bf5 4. f3 h6 5. Bh4 c6 6. Qd2 g5 7. Bf2 e6 8. 0-0-0 b5 9. g4 Bg6 10. h4 gxh4 11. Bxh4 Be7 12. Kb1 Qa5 13. Bxf6 Bxf6 14. Nxd5 Qd8 15. Nxf6+ Qxf6 16. e4 a6 17. Rxh6 Rxh6 18. Qxh6 Nd7 19. Qe3 Rd8 20. Bd3 Nb6 21. Ne2 Qe7 22. f4 Nc4 23. Bxc4 bxc4 24. Rh1 Kd7 25. d5 c5 26. dxe6+ fxe6 27. Rd1+ Kc6 28. Rxd8 Qxd8 29. f5 exf5 30. gxf5 Bf7 31. e5 Qd1+ 32. Nc1 Bd5 33. Qh6+ Kb5 34. a4+ Ka5 35. Qd6 Qd4 36. e6 1-0

[Event "HUN-chT2 Asztalos 1011"]
[Site "Hungary"]
[Date "2011.03.27"]
[Round "7.7"]
[White "Nador, Zoltan"]
[Black "Hoflinger, Istvan"]
[Result "1/2-1/2"]
[WhiteElo "1936"]
[BlackElo "1957"]
[PlyCount "91"]
[EventDate "2010.09.12"]
[EventType "team-tourn"]
[EventRounds "11"]
[EventCountry "HUN"]
[SourceTitle "EXT 2012"]
[Source "ChessBase"]
[SourceDate "2011.11.24"]
[SourceVersion "1"]
[SourceVersionDate "2011.11.24"]
[SourceQuality "1"]
[WhiteTeam "Marcali"]
[BlackTeam "Dunajvaros"]
[WhiteTeamCountry "HUN"]
[BlackTeamCountry "HUN"]

1. d4 d5 2. e3 Nf6 3. Bd3 e6 4. Nd2 Nbd7 5. f4 c5 6. c3 b6 7. Qe2 Bb7 8. Ngf3 Be7 9. 0-0 0-0 10. Ne5 Rc8 11. Ndf3 Ne4 12. Nxd7 Qxd7 13. Ne5 Qd8 14. Bd2 f5 15. Be1 c4 16. Bxe4 fxe4 17. g4 Rc7 18. Bg3 Bh4 19. Rf2 a5 20. Raf1 Bc8 21. g5 Bxg3 22. hxg3 g6 23. Rh2 Rg7 24. Kg2 Re8 25. Rfh1 Qc7 26. Rh6 Ree7 27. Qg4 b5 28. Qh4 b4 29. Rb1 Qb7 30. Qh1 a4 31. Ng4 Kh8 32. Ne5 Kg8 33. Ng4 Kh8 34. Nf6 b3 35. a3 Qc7 36. Kf2 Qb7 37. Ke2 Qc7 38. Kd2 Qb7 39. Rf1 Qc7 40. Rf2 Qb7 41. Rfh2 Qc7 42. Ng4 Bd7 43. Ne5 Be8 44. g4 Qc8 45. R2h4 Kg8 46. Qh3 1/2-1/2